|
|
|
|
| LEADER |
00000cam a2200000 a 4500 |
| 001 |
vtls010549033 |
| 003 |
SK-MaSNL |
| 005 |
20260301174542.0 |
| 008 |
240315s2013 xo g 000 f slo |
| 015 |
|
|
|a SNBA2013/11
|
| 020 |
|
|
|a 9788055608563
|q (viaz.)
|
| 035 |
|
|
|a B8EB6139-0CB6-4EE8-BDA7-E8EDABD80102
|
| 035 |
|
|
|a urn:nbn:sk:snk-amjnya
|
| 035 |
|
|
|a urn:nbn:sk:snk-am002exd
|
| 040 |
|
|
|a SNK
|b slo
|c SNK
|e AACR2
|
| 041 |
1 |
|
|a slo
|h fre
|
| 044 |
|
|
|a xo
|c SK
|
| 072 |
|
7 |
|a 821.133.1-3
|x Francúzska próza, francúzsky písaná
|2 konspekt
|
| 080 |
|
|
|a 821.133.1-31
|2 2001
|
| 100 |
1 |
|
|a Foenkinos, David,
|d 1974-
|4 aut
|9 345862
|
| 240 |
1 |
0 |
|a Nos séparations
|l Slovensky
|
| 245 |
1 |
0 |
|a Naše rozchody
|c David Foenkinos ; [z francúzskeho originálu preložila Marta Činovská]
|
| 260 |
|
|
|a Bratislava
|b Slovart
|c 2013
|
| 300 |
|
|
|a 158 s.
|c 19 cm
|
| 655 |
|
7 |
|a francúzske romány
|2 SNKPH
|9 70252
|
| 655 |
|
7 |
|a French fiction
|2 SNKPHeng
|9 276886
|
| 700 |
1 |
|
|a Činovská, Marta
|4 trl
|9 7868
|
| 919 |
|
|
|a 978-80-556-0856-3
|
| 958 |
|
|
|a LX
|
| 958 |
|
|
|a UP
|
| 968 |
|
|
|b FR
|
| 999 |
|
|
|c 839972
|d 841902
|
| 952 |
|
|
|a SNK
|b SNK
|y PREZ
|7 0
|p 17A1092615
|o snkSD 82672
|i snk2013/28574
|8 0
|0 0
|1 0
|4 0
|d 2013-11-21
|l 0
|r 2025-12-04 00:00:00
|w 2026-02-24
|
| 952 |
|
|
|a SNK
|b SNK
|y VYP
|7 0
|p 17A1101629
|o snkSD 82672 D1
|i snk2014/86
|8 0
|0 0
|1 0
|4 0
|d 2014-01-03
|f 1
|l 0
|r 2026-02-24 04:07:46
|w 2026-02-24
|